00685nam a2200229 a 450000100060000000300090000600500170001500800410003202000180007304000280009104100080011908200230012710000320015024500680018226000780025030000270032850400280035565000110038365000240039465000240041885200130044224799CO-ViMGA20230915232018.0141112s2004 ck r 000 u spa d a9789701514214 aCO-ViMGAbspacCO-ViMGA aspa04a631.587 P17r1 211 aPascual España, Bernardo.10aRiegos de gravedad y a presión / cBernardo Pascual España. aMéxico : bAlfaomega : bUniversidad Politécnica de Valencia, c2008. a373 p. : il. ; 23 cm. aIncluye bibliografía.14aRiego 14aRiego - Metodologia14aRiego - Técnicas  17.648.30